| 000 | 01072cam a22003014a 4500 | ||
|---|---|---|---|
| 001 | 13087227 | ||
| 005 | 20160930182033.0 | ||
| 008 | 030210s2004 maua b 001 0 eng | ||
| 010 | _a 2003043626 | ||
| 020 | _a0-07-282924-9 (alk. paper) | ||
| 040 |
_aDLC _cDLC _dDLC |
||
| 042 | _apcc | ||
| 050 | 0 | 0 |
_aHF5549 _b.R7825 2004 |
| 082 | 0 | 0 |
_aDC 658.302 _22004 _bR83s |
| 100 | 1 | _aRue, Leslie W. | |
| 245 | 1 | 0 |
_aSupervision, key link to productivity / _cLeslie W. Rue, Lloyd L. Byars. |
| 246 | 3 | 0 | _aSupervision |
| 250 | _aEight Edition | ||
| 260 |
_aBoston : _bMcGraw-Hill, _cc2004. |
||
| 300 |
_axviii, 414 pages : _billustration ; _c26 cm. |
||
| 504 | _aIncludes bibliographical references and index. | ||
| 650 | 0 | _aSupervision of employees. | |
| 700 | 1 | _aByars, Lloyd L. | |
| 856 | 4 | 1 |
_3Table of contents only _uhttp://www.loc.gov/catdir/enhancements/fy0702/2003043626-t.html |
| 906 |
_a7 _bcbc _corignew _d1 _eocip _f20 _gy-gencatlg |
||
| 942 |
_2ddc _cDC |
||
| 999 |
_c4983 _d4983 |
||